000 00540nam a2200229Ia 4500
005 20250425161911.0
008 250425s9999 xx 000 0 und d
041 _aeng
082 _a658.57
100 _aCOOPER, DONALD R.
245 0 _aBUSINESS RESEARCH METHODS
250 _a5TH ED.
260 _aCHICAGO
260 _aEstados Unidos
_bIRWIN
_c1950
300 _a1200
650 _aADMINISTRACION-TECNICAS
650 _aMETODOS DE INVESTIGACION
650 _aNEGOCIOS
710 _aIRWIN
942 _c01
010 _a34253
999 _c218446
_d218446